000 00964nam a22003377a 4500
001 BR2016003453
003 BR-BrBNA
005 20230928104938.0
007 ta
008 230509b bl.||||| |||| 00| 0 por d
040 _aBR-BrBNA
_bpor
_cBiblioteca Nacional de Agricultura
041 _a(Por)
072 _aF02
_b2790
_b3300
090 _ 2790 BR2016003453
100 1 _aSarto, M.T.
110 1 _aUniversidade Federal de Lavras, MG (Brasil)
_0Tese (Mestrado)
245 1 _aCultivo in vitro e criopreservação de Alibertia sp.
260 3 _aLavras, MG (Brasil):
_c2015.
300 _a95 p.
500 _aSummaries (Eng, Por); Several bibliography; 19 illus.
650 _aRUBIACEAE
650 _aDICOTILEDÔNEA
650 _aPLANTA MEDICINAL
650 _aPLANTA ORNAMENTAL
650 _aSEMENTE
650 _aCULTURA IN VITRO
650 _aCRIOPRESERVAÇÃO
650 _aCERRADO
909 _a202309
_bLucia
_c55
_dLucia Elande
942 _cBK
999 _c82574
_d82574